|
|
|
|
| LEADER |
01007nam a2200253 a 4500 |
| 008 |
090712s1972 enk b 000 0 eng d |
| 040 |
|
|
|a OAU
|c OAU
|d DLC
|
| 082 |
0 |
0 |
|a 821/.5
|2 21
|
| 100 |
1 |
|
|a Chessington, Ralph.
|
| 245 |
1 |
4 |
|a The rape of the lock :
|b Notes /
|c Ralph Chessington.
|
| 260 |
|
|
|a London ;
|a Toronto :
|b Coles Publ,
|c c1972.
|
| 300 |
|
|
|a 78 p. :
|b ill. ;
|c 22 cm.
|
| 490 |
1 |
|
|a Coles Notes.
|
| 500 |
|
|
|a A critcal review by coles.
|
| 504 |
|
|
|a Includes bibliographical references (p. 77-78).
|
| 541 |
1 |
|
|e 00014283
|
| 650 |
|
0 |
|a Young women
|x Poetry.
|
| 650 |
|
0 |
|a Catholics
|z England
|x Poetry.
|
| 600 |
1 |
0 |
|a Pope, Alexander,
|d 1688-1744.
|t Rape of the lock.
|
| 651 |
|
0 |
|a Great Britain
|x Civilization
|y 18th century
|x Sources.
|
| 700 |
1 |
|
|a Wall, Cynthia,
|d 1959-
|
| 852 |
4 |
|
|a Ayesha Abed Library
|j General shelf
|
| 999 |
|
|
|c 2281
|d 2281
|
| 952 |
|
|
|0 0
|1 0
|2 ddc
|4 1
|6 821_000000000000000__5_CHE
|7 0
|9 2105
|a BRACUL
|b BRACUL
|c SPS
|d 2009-07-12
|g 60.00
|l 3
|m 4
|o 821.5 CHE
|p 3010014283
|r 2018-03-12
|s 2018-02-13
|t 1
|w 2009-07-12
|y BK
|